| 000 | 00803nam a22002297a 4500 | ||
|---|---|---|---|
| 005 | 20240530110440.0 | ||
| 008 | 150419s2012 xxu g 000 0 eng d | ||
| 017 |
_a2012/1626 _bمصر . دار الكتب المصرية |
||
| 020 | _a9789774277250 | ||
| 040 | _aEG-CaGPL | ||
| 082 | 0 | 4 |
_221 _a227.6\ _bم أ |
| 100 | 0 | _aمبروك عطية | |
| 245 | 1 | 0 |
_aاخطاء شائعة فى تفسير القران الكريم / _cمبروك عطية |
| 250 | _aط1 | ||
| 260 |
_aالقاهرة : _bالدار المصرية اللبنانية ، _c2012. |
||
| 300 |
_a168 ص ؛ _c24 سم. |
||
| 650 | 0 | 4 |
_aالقران _xتفسير |
| 650 | 0 | 4 |
_aالقران _xاخطاء |
| 650 | 0 | 4 |
_aالقران _xتفسير _xاخطاء شائعة |
| 942 |
_2ddc _cBK |
||
| 999 |
_c61024 _d61024 |
||